Şarık Tara (Record no. 5202)

MARC details
000 -BAŞLIK
Sabit Uzunlukta Kontrol Alanı 00647na a2200241 4500
001 - KONTROL NUMARASI
Denetim Alanı 14067
003 - KONTROL NUMARASI IDENTIFIER
Denetim Alanı MIRAKIL
005 - SON İŞLEM TARİHİ VE ZAMANI
Denetim Alanı 20181213155030.0
008 - SABİT-BOY VERİ ELEMANLARI - GENEL BİLGİLER
Sabit Uzunlukta Kontrol Alanı 160901b tu 000 0
020 ## - ULUSLARARASI STANDART KİTAP NUMARASI
Uluslararası Standart Kitap Numarası 9789533250373
035 ## - SİSTEM KONTROL NUMARASI
Sistem Kontrol Numarası 14067
040 ## - KATALOGLAMA KAYNAK
Orijinal Kataloglama Ajansı Milas
Kataloglama Dili tur
Metne Dönüştürmek Ajansı TR-AnCHP
082 ## - DEWEY ONLU SINIFLANDIRMA NUMARASI
Sınıflandırma Numarası 926 Tara,Ş.
Ürün Numarası D54ş 2013
090 ## - SINIFLAMA NUMARASI
Sınıflama Numarası 926 Tara,Ş. D54ş 2013
100 ## - ANA GİRİŞ - KİŞİSEL İSİM
Kişisel Ad Dikic, Ivica
245 ## - BAŞLIK TABLOSU
Başlık Şarık Tara
Başlığın Kalan A life
Sorumluluk Tablosu, Vb Ivica Dikic
246 ## - UNVAN FORM VARYING
Başlık Doğru / Kısa Başlığı A life
260 ## - YAYIN, DAĞITIM, VB
Yayın, Dağıtım, Vb Yeri Zagreb
Yayıncı, Dağıtıcı, Vs Adı Novi Libe
Yayın, Dağıtım, Vb Tarihi 2013
300 ## - FİZİKSEL TANIM
Kapsam 231 s.
Boyutlar 22 sm.
600 ## - KONU KATMA GİRİŞ - KURUMSAL ADI
Kişisel Ad Tarık Şara
Genel Alt Bölümü Yaşamöyküsü
650 ## - KONU KATMA GİRİŞ - TOPİKAL DÖNEM
Topikal Süreli Veya Coğrafi Ad Giriş Elemanı İş adamları
Genel Alt Bölümü Yaşamöyküsü
Coğrafi Alt Bölümü Türkiye
942 ## - EKLENDİ GİRİŞ ELEMANLARI (KOHA)
Sınıflandırma Veya Raf Düzeni Kaynak Dewey Decimal Classification
Koha Öğesi Türü Books
999 ## - SİSTEM KONTROL NUMARALARI (KOHA)
Koha Biblionumber 5202
Koha Biblioitemnumber 5202
Holdings
Kalıcı Konum Mevcut Konum Edinme Tarihi Edinim Kaynak Toplam Check-Out'Lar Tam Çağrı Numarası Barkod Tarih Son Görülme İtibaren Geçerli Fiyatlar Koha Öğesi Türü
CHP Kütüphanesi CHP Kütüphanesi 08/23/2016 Bağış   926 Tara,Ş. D54ş 2013 001927 08/23/2016 08/23/2016 Books